The Problem of Time in Quantum Cosmology; Russian Physics Journal; Vol. 47, iss. 1
| Parent link: | Russian Physics Journal Vol. 47, iss. 1.— 2004.— [С. 31-41] |
|---|---|
| Glavni avtor: | |
| Izvleček: | Title screen It is shown that the incorporation of the Logunov coupling equations results in a nonzero Hamiltonian, which allows the problem of time of quantum gravitation theory to be solved outside the framework of traditional approaches. Режим доступа: по договору с организацией-держателем ресурса |
| Jezik: | angleščina |
| Izdano: |
2004
|
| Teme: | |
| Online dostop: | http://link.springer.com/article/10.1023/B%3ARUPJ.0000028966.47941.ed |
| Format: | MixedMaterials Elektronski Book Chapter |
| KOHA link: | https://koha.lib.tpu.ru/cgi-bin/koha/opac-detail.pl?biblionumber=637532 |
MARC
| LEADER | 00000nla0a2200000 4500 | ||
|---|---|---|---|
| 001 | 637532 | ||
| 005 | 20250423084854.0 | ||
| 035 | |a (RuTPU)RU\TPU\network\1684 | ||
| 090 | |a 637532 | ||
| 100 | |a 20140925d2004 k||y0rusy50 ba | ||
| 101 | 0 | |a eng | |
| 102 | |a US | ||
| 135 | |a drnn ---uucaa | ||
| 181 | 0 | |a i | |
| 182 | 0 | |a b | |
| 200 | 1 | |a The Problem of Time in Quantum Cosmology |f V. V. Lasukov | |
| 203 | |a Text |c electronic | ||
| 300 | |a Title screen | ||
| 320 | |a [Ref.: p. 40-41 (10 tit.)] | ||
| 330 | |a It is shown that the incorporation of the Logunov coupling equations results in a nonzero Hamiltonian, which allows the problem of time of quantum gravitation theory to be solved outside the framework of traditional approaches. | ||
| 333 | |a Режим доступа: по договору с организацией-держателем ресурса | ||
| 461 | |t Russian Physics Journal | ||
| 463 | |t Vol. 47, iss. 1 |v [С. 31-41] |d 2004 | ||
| 610 | 1 | |a электронный ресурс | |
| 610 | 1 | |a труды учёных ТПУ | |
| 700 | 1 | |a Lasukov |b V. V. |c mathematician |c Associate Professor of Tomsk Polytechnic University, Candidate of Physical and Mathematical Sciences |f 1954- |g Vladimir Vasilievich |3 (RuTPU)RU\TPU\pers\32635 |9 16547 | |
| 801 | 2 | |a RU |b 63413507 |c 20140925 |g RCR | |
| 850 | |a 63413507 | ||
| 856 | 4 | |u http://link.springer.com/article/10.1023/B%3ARUPJ.0000028966.47941.ed | |
| 942 | |c CF | ||